Grammaire fondamentale du japonais (notice n° 2016796)

détails MARC
000 -LEADER
fixed length control field 01279cam a2200145 4500500
005 - DATE AND TIME OF LATEST TRANSACTION
control field 20260329064717.0
041 ## - LANGUAGE CODE
Language code of text/sound track or separate title fre
042 ## - AUTHENTICATION CODE
Authentication code dc
100 10 - MAIN ENTRY--PERSONAL NAME
Personal name Masuoka, Takashi
Relator term author
245 00 - TITLE STATEMENT
Title Grammaire fondamentale du japonais
260 ## - PUBLICATION, DISTRIBUTION, ETC.
Name of publisher, distributor, etc. Armand Colin,<br/>
Date of publication, distribution, etc. 2022.<br/>
520 ## - SUMMARY, ETC.
Summary, etc. Traduction et adaptation en français d’un ouvrage de référence (Kiso nihongo bunpô, Grammaire fondamentale du japonais), ce livre met à la disposition du public francophone une grammaire contemporaine du japonais. Cette grammaire est utilisée aujourd’hui par un très large public au Japon. Les enseignants de japonais langue étrangère ou les chercheurs en linguistique l’apprécient particulièrement pour son caractère moderne qui a réussi à éliminer les problèmes des grammaires usuelles conservant des éléments obsolètes des héritages traditionnels. Rédigée par les deux linguistes faisant partie des premiers acteurs de la linguistique japonaise à l’échelle mondiale, il offre les connaissances les plus avancées mais avec le plus grand soin pédagogique, dans un langage accessible à tous.
700 10 - ADDED ENTRY--PERSONAL NAME
Personal name Takubo, Yukinori
Relator term author
856 41 - ELECTRONIC LOCATION AND ACCESS
Uniform Resource Identifier <a href="https://shs.cairn.info/grammaire-fondamentale-du-japonais--9782200633929?lang=fr&redirect-ssocas=7080">https://shs.cairn.info/grammaire-fondamentale-du-japonais--9782200633929?lang=fr&redirect-ssocas=7080</a>

Pas d'exemplaire disponible.

PLUDOC

PLUDOC est la plateforme unique et centralisée de gestion des bibliothèques physiques et numériques de Guinée administré par le CEDUST. Elle est la plus grande base de données de ressources documentaires pour les Étudiants, Enseignants chercheurs et Chercheurs de Guinée.

Adresse

627 919 101/664 919 101

25 boulevard du commerce
Kaloum, Conakry, Guinée

Réseaux sociaux

Powered by Netsen Group @ 2025